| 000 | 00592nam a22001337a 4500 | ||
|---|---|---|---|
| 082 |
_a823 _bDAT/W |
||
| 100 | _aDATTA, DURJOY | ||
| 245 | _aWHEN ONLY LOVE REMAINS | ||
| 260 |
_aHARYANA _bPENGUIN RANDOM HOUSE COMPANY |
||
| 300 | _a278 | ||
| 520 | _a"When only love remains" by Durjoy Datta is a haunting story of love between a singer and a flight attendant. I call it 'haunting' because it deals with two deep issues: love and death. The story starts off at a very slow pace. In fact I had to force myself to read the first half of the book. | ||
| 650 |
_aENGLISH - NOVEL _zINDIA |
||
| 942 | _cBK | ||
| 999 |
_c3107 _d3107 |
||